Burial Discography - Statistics

General Stats
  • This quiz has been taken 16 times
    11 since last reset
  • The average score is 10 of 15
Answer Stats
Type Year Name % Correct
Album 2006 Burial
100%
Album 2007 Untrue
100%
Compilation 2019 Tunes 2011-2019
88%
EP 2007 Ghost Hardware
75%
EP 2012 Kindred
75%
EP 2005 South London Boroughs
75%
Double Package 2012 Street Halo / Kindred
75%
EP 2019 Claustro / State Forest
63%
EP 2013 Rival Dealer
63%
EP 2011 Street Halo
63%
EP 2012 Truant / Rough Sleeper
63%
EP 2006 Distant Lights
50%
EP 2017 Subtemple / Beachfires
50%
EP 2016 Young Death / Nightmarket
50%
Collaborative Mix Album 2018 FabricLive.100
13%
No matching quizzes found
Score Distribution
Percent of People with Each Score
Percentile by Number Answered
Your Score History
You have not taken this quiz since the last reset